Normal view
MARC view
- SOLID MECHANICS KINEMATICS
Entry Topical Term
001 - CONTROL NUMBER
- control field: 80298
003 - CONTROL NUMBER IDENTIFIER
- control field: NUST
005 - DATE AND TIME OF LATEST TRANSACTION
- control field: 20210628210634.0
008 - FIXED-LENGTH DATA ELEMENTS
- fixed length control field: 210628|| aca||aabn | a|a d
040 ## - CATALOGING SOURCE
- Original cataloging agency: NUST
- Transcribing agency: NUST
150 ## - HEADING--TOPICAL TERM
- Topical term or geographic name entry element: SOLID MECHANICS KINEMATICS
670 ## - SOURCE DATA FOUND
- Source citation: Work cat.: (NUST): Holzapfel, Gerhard.A 80297, Nonlinear solid mechanics a continuum approach for engineering, 2000
